000 00438nam a22001817a 4500
005 20180131163625.0
008 160618b xxu||||| |||| 00| 0 eng d
020 _a81-7656-752-3
041 _aeng
082 _b8271
_a004
100 _aSinha, pradeep K and Sinha, Priti
_94030
245 _aComputer Fundamentals
250 _a4th ed.
260 _bBPB
_c2007
300 _a417
650 _aInformation Technology
_9137
942 _cBK
999 _c3174
_d3173